000 00652nam a22001817a 4500
005 20120131121456.0
008 120131t xxu||||| |||| 00| 0 eng d
020 _a0074635808
_c00.00
035 _aB-26182
040 _aDPL
_bENG
100 _aDheenadayalu, R.
_940438
245 _aComputer science for class IX (ICSE) /
_cby R. Dheenadayalu
250 _a2nd ed.
260 _aNew Delhi
_bTata McGraw-Hill Publishing Co. Ltd.
_c2000
300 _ax, 203p.
_c18 cms
942 _2ddc
_cEN
_h004
_mDHE
999 _c61713
_d61713